Issues with long leases (Record no. 84651)

MARC details
000 -LEADER
fixed length control field 00887cab a22001935a 4500
001 - CONTROL NUMBER
control field L158671
008 - FIXED-LENGTH DATA ELEMENTS--GENERAL INFORMATION
fixed length control field 150602e20150509xxk 000 0 eng d
035 ## - SYSTEM CONTROL NUMBER
System control number (Sirsi) u158671
041 0# - LANGUAGE CODE
Language code of text/sound track or separate title eng
100 1# - MAIN ENTRY--PERSONAL NAME
Personal name Dollar, Peta
245 00 - TITLE STATEMENT
Title Issues with long leases
260 ## - PUBLICATION, DISTRIBUTION, ETC.
Date of publication, distribution, etc. 2015
490 ## - SERIES STATEMENT
Series statement Estates Gazette
Volume/sequential designation (1518) 9 May 2015, 86-87(2)
520 ## - SUMMARY, ETC.
Summary, etc. Deals with the important statutory provisions and requirements to be aware of when dealing with long leases. Mentions the issues that can occur for tenants under certain Acts such as Section 19(1)(b) of the Landlord and Tenant Act 1927 and Section 84(12) of the Law of Property Act 1925. Also includes information about minimum energy efficiency standards, the CRC Energy Efficiency Scheme and the Community infrastructure levy.
590 ## - LOCAL NOTE (RLIN)
Local note KA
651 #4 - SUBJECT ADDED ENTRY--GEOGRAPHIC NAME
Geographic name United Kingdom
690 ## - LOCAL SUBJECT ADDED ENTRY--TOPICAL TERM (OCLC, RLIN)
Topical term or geographic name as entry element Landlord and tenant
9 (RLIN) 6252
942 ## - ADDED ENTRY ELEMENTS (KOHA)
Suppress in OPAC 0
Holdings
Withdrawn status Lost status Source of classification or shelving scheme Damaged status Not for loan Home library Current library Shelving location Date acquired Total Checkouts Full call number Barcode Date last seen Copy number Price effective from Koha item type
    Dewey Decimal Classification     London London Journal article 02/06/2015   L158671 158671-1001 06/08/2019 1 06/08/2019 Journal article